[Event "Ambalangoda Dhamso op 6th"]
[Site "Ambalangoda"]
[Date "2016.04.30"]
[Round "4"]
[White "Priyanath, WD Tharaka"]
[Black "Lasitha, Subash"]
[Result "1/2-1/2"]
[WhiteElo "1516"]
[BlackElo "1771"]
[PlyCount "155"]
[EventDate "2016.04.29"]
[EventType "swiss"]
[EventRounds "9"]
[EventCountry "SRI"]
[SourceTitle "EXT 2017"]
[Source "ChessBase"]
[SourceDate "2016.10.25"]
[SourceVersion "1"]
[SourceVersionDate "2016.10.25"]
[SourceQuality "1"]

1. Nf3 g6 2. g3 Bg7 3. Bg2 d5 4. 0-0 e5 5. d3 f5 6. c4 d4 7. Ne1 Nf6 8. Qb3 c6 9. Bg5 0-0 10. Na3 Kh8 11. c5 Qe7 12. Rc1 Be6 13. Nc4 Na6 14. Qa3 Qxc5 15. Qxc5 Nxc5 16. Nxe5 Na4 17. N1f3 Rad8 18. Nc4 h6 19. Bd2 Rfe8 20. Rfe1 Bd5 21. Nfe5 Kh7 22. Bxd5 cxd5 23. Nf7 dxc4 24. Nxd8 c3 25. bxc3 dxc3 26. Bxc3 Nxc3 27. Rxc3 Rxd8 28. Rc7 b6 29. Rxa7 Rc8 30. h3 h5 31. Rb1 Nd5 32. Rb5 Rd8 33. a4 Kh6 34. Rb3 Bf6 35. e3 Rd6 36. d4 h4 37. gxh4 Bxh4 38. Ra8 Bg5 39. a5 bxa5 40. Rxa5 Nf6 41. Ra8 Rd7 42. f4 Bh4 43. Rh8+ Nh7 44. Rc8 Bf6 45. Rc6 g5 46. Rbb6 gxf4 47. Rxf6+ Nxf6 48. Rxf6+ Kg5 49. Re6 fxe3 50. Rxe3 Rxd4 51. Rf3 f4 52. Kf2 Rd2+ 53. Kg1 Kf5 54. Rf2 Rd3 55. Kg2 Rg3+ 56. Kh2 Ke4 57. Rg2 Rd3 58. h4 Ke3 59. Rb2 Kf3 60. Kh3 Ke4+ 61. Kh2 Kf5 62. Rf2 Kg4 63. Kg2 f3+ 64. Kh2 Kxh4 65. Ra2 Rd4 66. Rb2 Kg4 67. Rc2 Kf4 68. Ra2 Ke3 69. Ra3+ Rd3 70. Ra8 Rd2+ 71. Kg3 Rg2+ 72. Kh3 Re2 73. Kg3 f2 74. Kg2 Re1 75. Re8+ Kd2 76. Rd8+ Ke3 77. Re8+ Kd2 78. Rd8+ 1/2-1/2